000 00525nam a2200181Ia 4500
008 151018s9999 xx 000 0 und d
082 _bRBASDV15721
_a891.433
100 _aएडगर बरो राईस
245 _aटार्जन
250 _b1
260 _bकिरण प्रकाशन
_c1982
300 _a32
600 _aएडगर बरो राईस
630 _aटार्जन
700 _aएडगर बरो राईस
730 _aटार्जन
942 _cBOOK
999 _c1016443
_d1016440